[Event "Portoroz/Ljubljana"]
[Site "Ljubljana"]
[Date "1985.??.??"]
[Round "11"]
[White "Miles, Anthony J"]
[Black "Barle, Janez"]
[Result "1-0"]
[WhiteElo "2570"]
[BlackElo "2430"]

1.d4 d5 2.c4 e6 3.Nf3 c5 4.cxd5 exd5 5.g3 Nc6 6.Bg2 Nf6 7.O-O Be7 8.Nc3 O-O
9.dxc5 Bxc5 10.Bg5 d4 11.Bxf6 Qxf6 12.Nd5 Qd8 13.Nd2 Re8 14.Re1 a6 15.Rc1 Ba7
16.Nc4 Be6 17.Nf4 Bxc4 18.Rxc4 Qa5 19.Rxc6 bxc6 20.Bxc6 Qxa2 21.Qa1 Qxa1
22.Rxa1 Kf8 23.Bxa8 Rxa8 24.Rxa6 d3 25.Kg2 dxe2 26.Nxe2 Re8 27.Kf3 Bc5 28.Rc6 Be7
29.Nf4 Rb8 30.Nd5 Ke8 31.Nxe7 Kxe7 32.Rc2 Kd6 33.Ke4 h6 34.Kd4 Rb7 35.Rd2 Kc6
36.Kc4 Re7 37.b4 Re4+ 38.Rd4 Re2 39.Rf4 f6 40.h4 Re5 41.Rf3 Re4+ 42.Kb3 Re2
43.Rf5 Rd2 44.Kc3 Rd1 45.Kc2 Rd4 46.Rf4 Rd7 47.Kc3 Rd1 48.Rf5 Kb6 49.Kc4 Rd2
50.h5 Kc6 51.Rf4 Rd5 52.Rg4 Rd7 53.Rd4 Re7 54.b5+ Kc7 55.Kc5 Re5+ 56.Rd5 Re2
57.b6+ Kc8 58.f4 Re3 59.b7+ Kxb7 60.Rd7+ Kc8 61.Rxg7 Kd8 62.Kd4 Re1 63.Rg6 Ke7
64.Rxh6 Kf7 65.g4 Ra1 66.g5 Ra4+ 67.Ke3 fxg5 68.fxg5 Ra3+ 69.Kd4 Ra4+ 70.Kc3 Ra5
71.Rh7+ Kg8 72.g6 Rg5 73.Kd4  1-0

[Event "Mendrisio op"]
[Site "Mendrisio"]
[Date "1985.??.??"]
[Round "?"]
[White "Miles, Anthony J"]
[Black "Kljako, Damir"]
[Result "1-0"]
[WhiteElo "2570"]
[BlackElo "2320"]

1.d4 Nf6 2.c4 g6 3.Nc3 Bg7 4.e4 d6 5.Nge2 O-O 6.Ng3 e5 7.d5 c5 8.Be2 a6 9.h4 h5
10.Bg5 b5 11.Bxh5 Qb6 12.Be2 Nh7 13.Bd2 f5 14.h5 f4 15.hxg6 Ng5 16.Nh5 b4
17.Na4 Qa5 18.Bg4 Nd7 19.Be6+ Nxe6 20.dxe6 Nf6 21.e7 Re8 22.Nxf6+ Bxf6 23.Rh7 Bg7
24.Bxf4 Be6 25.Qxd6 Bxc4 26.Bxe5 b3+ 27.Nc3  1-0

[Event "Mendrisio op"]
[Site "Mendrisio"]
[Date "1985.??.??"]
[Round "?"]
[White "Gheorghiu, Florin"]
[Black "Miles, Anthony J"]
[Result "1/2-1/2"]
[WhiteElo "2530"]
[BlackElo "2570"]

1.d4 Nf6 2.c4 e6 3.Nf3 b6 4.g3 Bb4+ 5.Bd2 Bxd2+ 6.Qxd2 Ba6 7.b3 c6 8.Qb2 d5
9.Nbd2 Nbd7 10.Bg2 Qe7 11.O-O O-O  1/2-1/2

[Event "Mendrisio op"]
[Site "Mendrisio"]
[Date "1985.??.??"]
[Round "?"]
[White "Rogulj, Branko"]
[Black "Miles, Anthony J"]
[Result "0-1"]
[WhiteElo "2385"]
[BlackElo "2570"]

1.e4 c6 2.d4 d5 3.exd5 cxd5 4.c4 Nf6 5.Nc3 Be6 6.cxd5 Bxd5 7.Nf3 Nc6 8.Bb5 a6
9.Ba4 e6 10.O-O Be7 11.Ne5 O-O 12.Bg5 Rc8 13.Re1 h6 14.Bh4 Nh7 15.Bxe7 Nxe7
16.Nd7 Re8 17.Nxd5 Nxd5 18.Ne5 Re7 19.Bb3 Rec7 20.Qf3 Nhf6 21.Rad1 Qd6 22.g3 a5
23.a3 Qa6 24.Ba4 Qb6 25.Qe2 Ne7 26.Rd2 Nf5 27.Red1 Rc1 28.Nf3 Qd6 29.Bc2 Rxd1+
30.Rxd1 Qd5 31.Bb1 Ne7 32.Ne5 Qb3 33.h3 Rd8 34.Bc2 Qb6 35.Qd2 Kf8 36.Bb1 Nc6
37.Nxc6 bxc6 38.Qc2 Rxd4 39.Rc1 Ne4 40.Rf1 Nxg3  0-1

[Event "Tilburg"]
[Site "Tilburg"]
[Date "1985.??.??"]
[Round "?"]
[White "Miles, Anthony J"]
[Black "Dzindzichashvili, Roman"]
[Result "1/2-1/2"]
[WhiteElo "2560"]
[BlackElo "2570"]

1.d4 Nf6 2.c4 c5 3.d5 d6 4.Nc3 g6 5.e4 Bg7 6.Bd3 O-O 7.Nge2 e5 8.Ng3 Ne8
9.Be3 f5 10.exf5 gxf5 11.f4 e4 12.Be2 Bxc3+ 13.bxc3 Ng7 14.Bf2 Qf6 15.Qd2 Qh6  1/2-1/2

[Event "Tilburg"]
[Site "Tilburg"]
[Date "1985.??.??"]
[Round "?"]
[White "Miles, Anthony J"]
[Black "Kortschnoj, Viktor"]
[Result "1-0"]
[WhiteElo "2560"]
[BlackElo "2630"]

1.d4 d5 2.c4 dxc4 3.Nf3 c5 4.Nc3 e6 5.e4 cxd4 6.Qxd4 Bd7 7.Ne5 Nf6 8.Nxc4 Nc6
9.Nd6+ Bxd6 10.Qxd6 Qe7 11.Qxe7+ Kxe7 12.Be3 b6 13.f3 Rhd8 14.O-O-O Be8 15.Be2 Nd7
16.Nb5 f6 17.Nc7 Rac8 18.Nxe8 Rxe8 19.Kb1 Ndb8 20.Rc1 e5 21.Rhd1 Red8 22.Rxd8 Rxd8
23.Bb5 Rd6 24.a3 Kd8 25.Bc4 Ne7 26.b4 Nbc6 27.Kb2 Nd4 28.Rd1 Kc7 29.Rd2 g5
30.a4 Ng6 31.Kc3 Nh4 32.b5 Ne6 33.Ra2 Nd4 34.Kb4 Ng6 35.a5 bxa5+ 36.Kxa5 Nf4
37.Kb4 Kb8 38.g3 Nfe6 39.Bxe6 Rxe6 40.Bxd4 exd4 41.Ra6 Re7 42.Kc4 Rf7 43.Kxd4 h5
44.Kd5 Rb7 45.Ke6 Rxb5 46.Kxf6 g4 47.f4 Rb2 48.e5 Kb7 49.Ra1 Rxh2 50.e6  1-0

[Event "Tilburg"]
[Site "Tilburg"]
[Date "1985.??.??"]
[Round "?"]
[White "Miles, Anthony J"]
[Black "Timman, Jan H"]
[Result "1-0"]
[WhiteElo "2560"]
[BlackElo "2640"]

1.Nf3 Nf6 2.c4 e6 3.g3 d5 4.Bg2 dxc4 5.Qa4+ Nbd7 6.O-O a6 7.Qxc4 c5 8.Qb3 Bd6
9.a4 O-O 10.Na3 Nb8 11.Nc4 Nc6 12.d3 Rb8 13.Nxd6 Qxd6 14.a5 e5 15.Be3 Bg4
16.Qa3 Nd7 17.Rfc1 Bxf3 18.Bxf3 Nd4 19.Bxd4 exd4 20.Rc4 Rfc8 21.b4 Ne5 22.Rxc5 Nxf3+
23.exf3 Rxc5 24.bxc5 Qd5 25.Qb4 h5 26.Re1 Rd8 27.Kg2 Rd7 28.Qb6 Kh7 29.h4 Qc6
30.Re5 g6 31.Qb4 Kg7 32.Qc4 Qb5 33.Qxb5 axb5 34.Kf1 Kf6 35.f4 b4 36.Ke2 Rd8
37.Kd2 Ra8 38.c6 bxc6 39.Kc2 Rc8 40.Rc5 Ke6 41.Kb3 Kd6 42.Rg5 c5 43.f5 f6
44.Rxg6 Ke5 45.Rg7 Ra8 46.Ka4 c4 47.dxc4 Rd8 48.Re7+ Kd6 49.Re2 Kc5 50.Kb3 d3
51.Rd2 Rd7 52.g4 hxg4 53.h5 Kd4 54.h6 g3 55.fxg3 Ke3 56.Rd1 Ke2 57.Ra1 d2
58.Kxb4 d1=Q 59.Rxd1 Rxd1 60.a6 Rd8 61.a7 Kd3 62.Kb5 Kd4 63.c5 Kd5 64.Kb6 Rh8
65.h7  1-0

[Event "Tilburg"]
[Site "Tilburg"]
[Date "1985.??.??"]
[Round "?"]
[White "Romanishin, Oleg M"]
[Black "Miles, Anthony J"]
[Result "1/2-1/2"]
[WhiteElo "2590"]
[BlackElo "2560"]

1.d4 Nf6 2.c4 e6 3.Nf3 b6 4.g3 Bb4+ 5.Bd2 Bxd2+ 6.Qxd2 Ba6 7.Na3 Bb7 8.Bg2 O-O
9.O-O d6 10.Rfd1 Nbd7 11.Rac1 Qe7 12.Nb5 a6 13.Nc3 Ne4 14.Nxe4 Bxe4 15.Qe3 Nf6
16.Rd2 Rfe8 17.Nh4 Bxg2 18.Nxg2 c5 19.Rcd1 Red8 20.Qf3 Rac8 21.Ne3 cxd4 22.Rxd4 Qc7
23.R4d3 Ne8 24.Rb3 Qc6 25.Qxc6 Rxc6 26.f3 Kf8 27.Kf2 Ke7 28.Rc3 Rdc8 29.Rb3  1/2-1/2

[Event "Tilburg"]
[Site "Tilburg"]
[Date "1985.??.??"]
[Round "?"]
[White "Timman, Jan H"]
[Black "Miles, Anthony J"]
[Result "1/2-1/2"]
[WhiteElo "2640"]
[BlackElo "2560"]

1.d4 Nf6 2.c4 e6 3.Nf3 b6 4.Nc3 Bb4 5.Bg5 Bb7 6.e3 h6 7.Bh4 g5 8.Bg3 Ne4
9.Qc2 Bxc3+ 10.bxc3 Nxg3 11.fxg3 d6 12.Bd3 Nd7 13.O-O Qe7 14.Rf2 O-O-O 15.Be4 f5
16.Bxb7+ Kxb7 17.e4 Rdf8 18.a4 a5 19.Re1 Qh7 20.e5 g4 21.Nd2 dxe5 22.c5 f4
23.Ne4 Nf6 24.gxf4 Nxe4 25.Qxe4+ Qxe4 26.Rxe4 exf4 27.Rxe6 bxc5 28.dxc5 Rf5
29.Rb2+ Kc8 30.Ra6 Kd7 31.Rd2+ Ke7 32.Rc6 Rc8 33.c4 f3 34.gxf3 gxf3 35.Kf2 Rf4
36.Rxh6 Rg8 37.Ke3 Rxc4 38.c6 Rc3+ 39.Ke4 Ke8 40.Rf2 Rg4+ 41.Kd5  1/2-1/2

[Event "Tilburg"]
[Site "Tilburg"]
[Date "1985.??.??"]
[Round "?"]
[White "Miles, Anthony J"]
[Black "Polugaevsky, Lev"]
[Result "1-0"]
[WhiteElo "2560"]
[BlackElo "2600"]

1.d4 Nf6 2.c4 e6 3.Nc3 Bb4 4.Bg5 c5 5.d5 h6 6.Bh4 Bxc3+ 7.bxc3 d6 8.e3 e5
9.Bd3 Nbd7 10.f4 Qe7 11.Ne2 g5 12.fxg5 Ng4 13.Ng3 Nxe3 14.Qf3 hxg5 15.Qxe3 gxh4
16.Nf5 Qf6 17.O-O Nf8 18.Rf3 Bd7 19.Raf1 O-O-O 20.Be4 Ng6 21.Ne7+ Qxe7 22.Rxf7 Qxf7
23.Rxf7 Nf4 24.Bh7 Rdf8 25.Rg7 Rf6 26.Bg8 Rf8 27.Be6 Bxe6 28.dxe6 Rfg8 29.Rf7 Rxg2+
30.Kf1 Rhg8 31.e7 Kd7 32.e8=Q+ Kxe8 33.Rxf4 Rxh2 34.Rf2 Rxf2+ 35.Kxf2 Rf8+
36.Kg2 Rf4 37.Qh3 Kd8 38.Qe6 Kc7 39.a4 a5 40.Qe7+ Kc6 41.Qe8+  1-0

[Event "Tilburg"]
[Site "Tilburg"]
[Date "1985.??.??"]
[Round "?"]
[White "Miles, Anthony J"]
[Black "Ljubojevic, Ljubomir"]
[Result "1-0"]
[WhiteElo "2560"]
[BlackElo "2615"]

1.Nf3 c5 2.c4 g6 3.e4 d6 4.d4 Bg4 5.dxc5 dxc5 6.Qxd8+ Kxd8 7.Ne5 Be6 8.Nc3 Bg7
9.Bf4 g5 10.O-O-O+ Kc8 11.Bg3 Nf6 12.Be2 h5 13.h4 g4 14.f4 Nfd7 15.Nxd7 Bxd7
16.e5 Nc6 17.Bd3 Nd4 18.Rhe1 Bc6 19.Be4 Bh6 20.Bxc6 bxc6 21.Re4 Nf5 22.Ne2 e6
23.Bf2 g3 24.Nxg3 Nxg3 25.Bxg3 Rg8 26.Rd3 Kc7 27.Kd1 Rg4 28.Ke2 Rag8 29.Kf2 Bf8
30.Re1 Be7 31.Rh1 a5 32.Rh3 Kc8 33.Kf3 Bd8 34.a4 Be7 35.Rd2 f6 36.exf6 Bf8
37.Re2 Bd6 38.Rxe6 Kd7 39.Re3 Rf8 40.Bh2 Rxf6 41.Re4 Rf8 42.b3 Rf6 43.g3 Rf8
44.Kf2 Rb8 45.Re3 Rbg8 46.Rf3 Ke6 47.Bg1 R4g7 48.Rh1 Kf5 49.Kg2 Re8 50.Bf2 Rb7
51.Re1 Rxe1 52.Bxe1 Ra7 53.Rd3 Be7 54.Kf3 Bf6 55.Bf2 Be7 56.Be3 Rb7 57.Bd2 Ra7
58.Bc3 Ra8 59.Rd7 Ke6 60.Rb7 Re8 61.Bxa5 Bf6 62.Bb6 Bd4 63.Rh7 Kf6 64.Rxh5 Re3+
65.Kg4 Rxb3 66.Bxc5 Bc3 67.Rh6+ Kf7 68.Kf5 Bd2 69.Rf6+ Kg7 70.Bd4 Rd3 71.Be5 Kg8
72.Rd6  1-0

[Event "Biel"]
[Site "Biel"]
[Date "1986.??.??"]
[Round "?"]
[White "Hug, Werner"]
[Black "Miles, Anthony J"]
[Result "1/2-1/2"]
[WhiteElo "2455"]
[BlackElo "2570"]

1.Nf3 Nf6 2.g3 d5 3.Bg2 c6 4.O-O Bg4 5.d4 e6 6.Nbd2 Nbd7 7.Re1 Be7 8.e4 dxe4
9.Nxe4 O-O 10.c3 Qb6 11.Qb3 Nxe4 12.Rxe4 Bf5 13.Re1 a5 14.Ne5 a4 15.Qxb6 Nxb6
16.g4 Bg6 17.Bf4 Nd5 18.Nxg6 hxg6 19.Bxd5 cxd5 20.a3 g5 21.Bg3 Ra6 22.Kg2 Rc8
23.Re2 g6 24.f4 gxf4 25.Bxf4 g5 26.Bg3 Kg7 27.Rf1 Kg6 28.Ref2 Rf8 29.Re2 Bd8
30.Rfe1 Rb6 31.h3 Rh8 32.Rf1 Rc6 33.Rfe1 Bc7 34.Bxc7 Rxc7 35.Re3 Rh6 36.Rf3 Kg7
37.Re5 Rg6 38.Rf2 Rc8 39.Re3 Rf6 40.Re5 Rxf2+ 41.Kxf2 Kf6 42.Kg3 Rg8 43.Re3 Ke7
44.Rf3 Rg6 45.Re3 Kd6 46.Rf3 Rg7 47.Kf2 Rh7 48.Ke2 Ke7 49.Kd3 b5 50.Ke2 Rh6
51.Re3 Kd6 52.Rf3 f6 53.Kf2 e5 54.Kg3 e4 55.Rf1 Ke6 56.Rf2 Rh8 57.Kg2 Rf8
58.Rf5 Rc8 59.Rf2 Rc4 60.Rd2 Rc6 61.Rf2 Kd7 62.Kg3 Re6 63.Kg2 Kc6 64.Kf1 Kc7
65.Rf5 Rd6 66.Rf2  1/2-1/2

[Event "Biel"]
[Site "Biel"]
[Date "1986.??.??"]
[Round "?"]
[White "Lobron, Eric"]
[Black "Miles, Anthony J"]
[Result "1-0"]
[WhiteElo "2515"]
[BlackElo "2570"]

1.e4 c5 2.Nf3 d6 3.d4 cxd4 4.Nxd4 Nf6 5.Nc3 g6 6.Be3 Bg7 7.f3 O-O 8.Qd2 Nc6
9.Bc4 Bd7 10.h4 Rc8 11.Bb3 h5 12.O-O-O Ne5 13.Bg5 Nh7 14.Bh6 Bxh6 15.Qxh6 Rxc3
16.bxc3 Qc7 17.Kb1 Nc4 18.g4 hxg4 19.f4 Rc8 20.Rd3 Qa5 21.h5 g5 22.e5 dxe5
23.Bxc4 Rxc4 24.Nb3 Qc7 25.fxg5 Bf5 26.g6 Nf6 27.Rd2 Rxc3 28.Rhd1 Bxc2+ 29.Rxc2 Rxc2
30.gxf7+ Kxf7 31.Qg6+ Ke6 32.Qxc2 Qxc2+ 33.Kxc2 Nxh5 34.Kd2 Kf5 35.Ke3 g3
36.Nd2 Kg4 37.Nf3 g2 38.Kf2 Nf4 39.Nxe5+ Kh3 40.Rd8 Kh2 41.Nf3+ Kh3 42.Ng1+ Kg4
43.Rd7  1-0

[Event "Biel"]
[Site "Biel"]
[Date "1986.??.??"]
[Round "?"]
[White "Miles, Anthony J"]
[Black "Hort, Vlastimil"]
[Result "1/2-1/2"]
[WhiteElo "2570"]
[BlackElo "2545"]

1.d4 Nf6 2.Nf3 e6 3.Bg5 Be7 4.e3 b6 5.Bd3 Bb7 6.O-O O-O 7.Nbd2 c5 8.c3 Nc6
9.Ne5 d6 10.Nxc6 Bxc6 11.e4 h6 12.Bh4 Nd7 13.Bxe7 Qxe7 14.Qe2 Bb7 15.Nf3  1/2-1/2

[Event "Biel"]
[Site "Biel"]
[Date "1986.??.??"]
[Round "?"]
[White "Miles, Anthony J"]
[Black "Huebner, Robert"]
[Result "1/2-1/2"]
[WhiteElo "2570"]
[BlackElo "2620"]

1.d4 Nf6 2.c4 e6 3.Nf3 Bb4+ 4.Nbd2 d5 5.e3 O-O 6.Bd3 b6 7.O-O Bb7 8.a3 Bd6
9.b4 c5 10.bxc5 bxc5 11.Rb1  1/2-1/2

[Event "Biel"]
[Site "Biel"]
[Date "1986.??.??"]
[Round "?"]
[White "Miles, Anthony J"]
[Black "Klinger, Josef"]
[Result "1-0"]
[WhiteElo "2570"]
[BlackElo "2430"]

1.Nf3 Nf6 2.c4 e6 3.Nc3 c5 4.g3 Nc6 5.Bg2 Be7 6.d4 d5 7.cxd5 exd5 8.O-O O-O
9.dxc5 Bxc5 10.Bg5 d4 11.Bxf6 Qxf6 12.Nd5 Qd8 13.Nd2 Re8 14.Re1 Bg4 15.Nb3 Bb6
16.Qd2 Be6 17.Nxb6 axb6 18.Bxc6 bxc6 19.Qxd4 c5 20.Qc3 h5 21.a3 Qd5 22.Nd2 h4
23.Nf3 hxg3 24.hxg3 Qh5 25.e4 Bc8 26.Nh4 Qg4 27.Rad1 Bb7 28.Qf3 Qxf3 29.Nxf3 Bxe4
30.Ng5 Bc6 31.f3 Rxe1+ 32.Rxe1 f6 33.Re6 Rc8 34.Ne4 Bxe4 35.Rxe4 Kf7 36.Kf2 Rh8
37.Re2 Rh2+ 38.Ke3 Rxe2+ 39.Kxe2 Ke6 40.Kd3 Kd5 41.b3 g5 42.Kc3 f5 43.Kd3 b5
44.g4 fxg4 45.fxg4 Ke5 46.a4 c4+ 47.Kc3  1-0

[Event "Biel"]
[Site "Biel"]
[Date "1986.??.??"]
[Round "?"]
[White "Miles, Anthony J"]
[Black "Kortschnoj, Viktor"]
[Result "1/2-1/2"]
[WhiteElo "2570"]
[BlackElo "2650"]

1.Nf3 Nf6 2.c4 e6 3.g3 a6 4.Bg2 b5 5.b3 Bb7 6.O-O c5 7.Bb2 Be7 8.Nc3 d5 9.d4 dxc4
10.bxc4 cxd4 11.Nxd4 Bxg2 12.Kxg2 b4 13.Na4 Qc7 14.a3 Nc6 15.Nxc6 Qxc6+ 16.Kg1 a5
17.axb4 axb4 18.Qb3 O-O 19.c5 Rfb8 20.Rfc1 Ne4 21.Bd4 Bf6 22.Bxf6 Nxf6 23.Rc4 Nd5
24.Ra2 f5 25.f3 Rb5 26.e4 fxe4 27.fxe4 Nf6 28.Re2 Rba5 29.Nb6 Rxc5 30.Qxb4 Rxc4
31.Nxc4 Nxe4 32.Ne5 Qc1+ 33.Re1 Qc5+ 34.Qxc5 Nxc5 35.Rc1 Ra5 36.Nc6 Nd3 37.Rf1 Ra8
38.Ne7+ Kh8 39.Rd1 Ra3 40.Rb1 g5 41.Rb6 Ra1+ 42.Kg2 Re1 43.Kf3 h5 44.h3 Ne5+
45.Kf2 Re4 46.Rb7 h4 47.gxh4 gxh4 48.Nc8 Kg8 49.Rb5 Nc4 50.Nb6 Rf4+ 51.Ke2 Nxb6
52.Rxb6 Kf7 53.Ke3 Ra4 54.Kf3 Kf6 55.Rb8 Kf5 56.Rf8+ Ke5 57.Rh8 Re4 58.Rh7 Rf4+
59.Ke3 Ra4 60.Kf3 Kd5 61.Rd7+ Kc6 62.Rd8 Ra3+ 63.Kg4 Rg3+ 64.Kxh4 Rg1 65.Rd4 e5
66.Rg4  1/2-1/2

[Event "Biel"]
[Site "Biel"]
[Date "1986.??.??"]
[Round "?"]
[White "Cebalo, Miso"]
[Black "Miles, Anthony J"]
[Result "0-1"]
[WhiteElo "2475"]
[BlackElo "2570"]

1.c4 e5 2.g3 c6 3.d4 exd4 4.Qxd4 Nf6 5.Bg2 d5 6.cxd5 Nxd5 7.Nf3 Nb4 8.Qxd8+ Kxd8
9.Na3 Be7 10.O-O Be6 11.Bd2 a5 12.Bc3 f6 13.b3 c5 14.Nd2 N8c6 15.Ndc4 Ra6
16.Nb5 Kc8 17.a3 Nd5 18.Bb2 Kb8 19.Rfd1 Nc7 20.a4 Rd8 21.Rxd8+ Nxd8 22.Rd1 Nf7
23.Bc3 b6 24.f4 Nxb5 25.axb5 Ra7 26.Nxb6 Bxb3 27.Rd2 Nd6 28.Bc6 a4 29.e4 a3
30.e5 Nc4 31.Nd7+ Kc7 32.Re2 a2 33.Ba1 fxe5 34.Kg2 Ra3 35.Nxe5 Nxe5 36.fxe5 Be6
37.Rd2 Kb6 38.Bd7 Bc4 39.Kf2 Rd3 40.Rxd3 Bxd3 41.Ke3 c4 42.Kd4 Bc5+ 43.Kd5 Bb4
44.Kd4 Be2 45.Ke3 c3 46.Bf5 Bd1 47.Bxh7 c2 48.Bxc2 Bxc2 49.e6 Kxb5 50.Bxg7 Kc4  0-1

[Event "Lugano op"]
[Site "Lugano"]
[Date "1986.??.??"]
[Round "?"]
[White "Miles, Anthony J"]
[Black "Mascarinas, Rico"]
[Result "1-0"]
[WhiteElo "2610"]
[BlackElo "2405"]

1.d4 Nf6 2.c4 e6 3.Nf3 Bb4+ 4.Nbd2 b6 5.a3 Bxd2+ 6.Qxd2 Bb7 7.e3 O-O 8.Be2 Ne4
9.Qd3 d6 10.O-O Nd7 11.b4 f5 12.Bb2 Rf6 13.d5 e5 14.Nh4 g6 15.f3 Ng5 16.f4 Ne4
17.Nf3 Qe7 18.Nd2 Nxd2 19.Qxd2 Rf7 20.e4 fxe4 21.Bg4 Nf8 22.fxe5 Rxf1+ 23.Rxf1 dxe5
24.Qe3 c6 25.Qxe4 cxd5 26.cxd5 Qd6 27.Bd1 Re8 28.Bb3 Nd7 29.h4 Kg7 30.h5 Nf6
31.Qf3 Rf8 32.Qg3 Nd7 33.Rd1 b5 34.Bc1 a6 35.Be3 Rf5 36.Qh3 Rf6 37.Bg5 Rf5
38.hxg6 hxg6 39.Qh6+ Kg8 40.Bc2 Qb6+ 41.Be3 Rh5 42.Qxg6+ Qxg6 43.Bxg6 Rh4
44.Bf5 Bc8 45.g4  1-0

[Event "Lugano op"]
[Site "Lugano"]
[Date "1986.??.??"]
[Round "?"]
[White "Plaskett, Jim"]
[Black "Miles, Anthony J"]
[Result "1-0"]
[WhiteElo "2435"]
[BlackElo "2610"]

1.c4 e5 2.e3 d6 3.Nc3 g6 4.g3 Bg7 5.Bg2 Ne7 6.d4 O-O 7.Nge2 Nd7 8.O-O f5
9.dxe5 dxe5 10.b3 c6 11.Ba3 Qe8 12.f4 e4 13.Qd6 Rf7 14.Rad1 Nf8 15.Rd2 Ne6
16.Bh3 g5 17.fxg5 Ng6 18.Bxf5 Bf8 19.Nxe4 Bxd6 20.Nxd6 Qd8 21.Rd3 Rxf5 22.Nxf5 Qxg5
23.h4 Qh5 24.g4 Qxg4+ 25.Neg3 Qh3 26.Nh6+ Kg7 27.Nhf5+ Kf6 28.Nh5+ Ke5 29.Nfg3 Nef8
30.Bb2+ Ke6 31.Ng7+ Ke7 32.Ba3+  1-0

[Event "Lugano op"]
[Site "Lugano"]
[Date "1986.??.??"]
[Round "?"]
[White "Miles, Anthony J"]
[Black "Dietze, Frank"]
[Result "1-0"]
[WhiteElo "2610"]
[BlackElo "2260"]

1.d4 Nf6 2.c4 g6 3.Nc3 d5 4.Nf3 Bg7 5.e3 O-O 6.b4 c6 7.Bb2 Bf5 8.Qb3 h6 9.a4 g5
10.Be2 e6 11.O-O Nbd7 12.Rac1 Kh8 13.Rfd1 Rg8 14.b5 Nh7 15.Ne5 Nxe5 16.dxe5 Qb8
17.cxd5 cxd5 18.f4 gxf4 19.exf4 Qd8 20.Kh1 Qb6 21.Na2 Qf2 22.Qf3 Qh4 23.Qg3 Qd8
24.Qe3 Bf8 25.Bd4 Qa5 26.Qb3 Be7 27.Bd3 Bxd3 28.Rxd3 Rac8 29.Rdc3 Rxc3 30.Rxc3 f6
31.Nc1 f5 32.Nd3 Nf8 33.Qc2 Bd8 34.Bc5 Nd7 35.Bb4 Qb6 36.Nc5 Nf8 37.Qe2 a5
38.Ba3 Qc7 39.Qh5 Kh7 40.Ne4 Qg7 41.Rg3 Ng6 42.Nc5 Bh4 43.Nxe6 Qf7 44.Bf8 Rxf8
45.Rxg6  1-0

[Event "Utrecht"]
[Site "Utrecht"]
[Date "1986.??.??"]
[Round "5"]
[White "Van der Wiel, John TH"]
[Black "Miles, Anthony J"]
[Result "1/2-1/2"]
[WhiteElo "2555"]
[BlackElo "2610"]

1.e4 c5 2.Nf3 d6 3.d4 cxd4 4.Nxd4 Nf6 5.Nc3 g6 6.Be3 Bg7 7.f3 O-O 8.Qd2 Nc6
9.g4 Be6 10.h4 d5 11.h5 Nxd4 12.Bxd4 dxe4 13.h6 Bh8 14.g5 e3 15.Bxe3 Nd5
16.Bd4 Nxc3 17.Bxh8 Qxd2+ 18.Kxd2 Nxa2 19.Bd4 Rfd8 20.c3 Nb4 21.Bb5 Bf5 22.Ra4  1/2-1/2

[Event "USA-op"]
[Site "Los Angeles"]
[Date "1987.??.??"]
[Round "7"]
[White "Miles, Anthony J"]
[Black "Clemance, Philip A"]
[Result "1/2-1/2"]
[WhiteElo "2585"]
[BlackElo "2290"]

1.d4 Nf6 2.Nf3 e6 3.c4 d5 4.Nc3 Nbd7 5.cxd5 exd5 6.Bf4 c6 7.e3 Be7 8.h3 O-O
9.Bd3 Re8 10.Qc2 Nf8 11.O-O-O Qa5 12.g4 Be6 13.Ng5 Bd7 14.Be5 g6 15.f4 Rac8
16.f5 c5 17.fxg6 fxg6 18.Rdf1 cxd4 19.Bxd4 Rc6 20.Nf3 Ne4 21.Ne5 Rxc3 22.bxc3  1/2-1/2

[Event "New York op"]
[Site "New York"]
[Date "1987.??.??"]
[Round "?"]
[White "Miles, Anthony J"]
[Black "Murrey, Jacob"]
[Result "1/2-1/2"]
[WhiteElo "2565"]
[BlackElo "2505"]

1.d4 d5 2.c4 c6 3.Nf3 Nf6 4.Qc2 g6 5.Bf4 Bg7 6.e3 O-O 7.Nc3 Na6 8.cxd5 Nb4
9.Qd2 Nbxd5 10.Be5 Bf5 11.Bd3 Bxd3 12.Qxd3 Nb4 13.Qd2 c5 14.Bxf6 exf6 15.O-O f5
16.Na4 b6 17.dxc5 Qxd2 18.Nxd2 b5 19.Nc3 Bxc3 20.bxc3 Nd3 21.Rfb1 a6 22.c4 bxc4
23.Nxc4 Nxc5 24.h3 Rac8 25.Rb4 Rfd8 26.Rab1 Ne4 27.g4 fxg4 28.hxg4 Nd2 29.Nxd2 Rxd2
30.a4 Rdc2 31.Rd4 R8c4 32.Rb4 Rxb4 33.Rxb4 a5 34.Rd4 h6 35.Kg2 Ra2 36.Kg3 Kg7
37.f3 g5 38.f4 Ra3 39.Kf3 gxf4 40.Kxf4 Kf6 41.e4 Ke6 42.e5  1/2-1/2

[Event "New York op"]
[Site "New York"]
[Date "1987.??.??"]
[Round "?"]
[White "Miles, Anthony J"]
[Black "Byrne, Robert E"]
[Result "1/2-1/2"]
[WhiteElo "2565"]
[BlackElo "2495"]

1.d4 Nf6 2.c4 g6 3.Nc3 Bg7 4.e4 d6 5.f3 c6 6.Be3 a6 7.Bd3 O-O 8.Nge2 b5 9.O-O Nbd7
10.Kh1 e5 11.d5 bxc4 12.Bxc4 c5 13.a3 Rb8 14.b4 cxb4 15.axb4 Rxb4 16.Bxa6 Bxa6
17.Rxa6 Ne8 18.Qc2 f5 19.Rb1 Rxb1+ 20.Qxb1 Qh4 21.Ra7 Nc5 22.Bxc5 dxc5 23.Ra6 Bh6
24.Qg1 Bd2 25.Rc6 Nf6 26.exf5 gxf5 27.Qxc5 e4 28.Rc8 Qe1+ 29.Ng1 Rxc8 30.Qxc8+ Kg7
31.Ne2 exf3 32.gxf3 Be3 33.d6 Qd1 34.Qe6 f4 35.Qe5 Kf7 36.Kg2 Kg7 37.h4 h5
38.d7 Qxd7 39.Nxf4 Qd2+ 40.Nfe2 Bxg1 41.Kxg1 Qe1+ 42.Kg2 Qxh4 43.Nf4 Kh6
44.Ne6 Kg6 45.Nf4+ Kh6 46.Nh3 Kg6 47.Qb5 Nh7 48.Qe8+ Kg7 49.Qd7+ Kg6 50.Qd6+ Nf6
51.Nf4+ Kf5 52.Ne6 Qc4 53.Nd4+ Kg6  1/2-1/2

[Event "New York op"]
[Site "New York"]
[Date "1987.??.??"]
[Round "?"]
[White "Miles, Anthony J"]
[Black "Barua, Dibyendu"]
[Result "1/2-1/2"]
[WhiteElo "2565"]
[BlackElo "2450"]

1.d4 d5 2.Nf3 Nf6 3.c4 e6 4.Nc3 Be7 5.Qc2 Nc6 6.cxd5 exd5 7.Bg5 Be6 8.e3 a6
9.a3 h6 10.Bxf6 Bxf6 11.Bd3 O-O 12.O-O Ne7 13.Rac1 c6 14.Na4 Qd6 15.Nc5 Bc8
16.Rfe1 b6 17.e4 dxe4 18.Nxe4 Qf4 19.Bc4 Ra7 20.Re3 Rc7 21.Ba2 Rd7 22.Nxf6+ Qxf6
23.Rce1 Nf5 24.Re8 Nxd4 25.Nxd4 Rxd4 26.Rxf8+ Kxf8 27.Qh7 Be6 28.Qh8+ Ke7
29.Qb8 Rd2 30.Qxb6 Qxb2 31.Qc5+ Kd7 32.Bxe6+ fxe6 33.Qa7+ Kd6 34.h3 Qd4 35.Qb8+ Ke7
36.Qc7+ Kf6 37.Qg3 Rd3 38.Qb8 Rd1 39.Qf8+ Kg6 40.Qe8+ Kh7 41.Qxe6 Rxe1+ 42.Qxe1 Qd3
43.Qc1 Qb5 44.Qc2+ Kh8 45.Qe4 c5 46.a4 Qb4 47.Qa8+ Kh7 48.Qxa6 c4 49.a5 Qb1+
50.Kh2 c3 51.Qc4  1/2-1/2

[Event "New York op"]
[Site "New York"]
[Date "1987.??.??"]
[Round "?"]
[White "Lombardy, William James"]
[Black "Miles, Anthony J"]
[Result "0-1"]
[WhiteElo "2470"]
[BlackElo "2565"]

1.c4 e5 2.Nc3 Bb4 3.Qc2 Nf6 4.e3 O-O 5.Nge2 Re8 6.a3 Bf8 7.d4 d6 8.g3 c6
9.Bg2 Be6 10.b3 Nbd7 11.O-O Rc8 12.Bb2 b5 13.cxb5 cxb5 14.Qd1 Qb6 15.h3 Nb8
16.Kh2 a5 17.e4 b4 18.Na4 Qb7 19.axb4 axb4 20.d5 Bd7 21.f4 Bb5 22.fxe5 dxe5
23.Rxf6 gxf6 24.Nf4 Nd7 25.Nh5 Kh8 26.Bf3 Bxa4 27.bxa4 b3 28.Rb1 Rc2+ 29.Bg2 Qb6
30.Qf3 Qf2 31.Qxf2 Rxf2 32.Bc3 Rb8 33.h4 b2 34.Kh3 Be7 35.Ba5 Rc2 36.Bf1 Rc1
37.Bd3 Rxb1 38.Bxb1 Rc8 39.Bd2 Rc1  0-1

[Event "New York op"]
[Site "New York"]
[Date "1987.??.??"]
[Round "?"]
[White "Benko, Pal C"]
[Black "Miles, Anthony J"]
[Result "1/2-1/2"]
[WhiteElo "2460"]
[BlackElo "2565"]

1.g3 e5 2.c4 f5 3.Nf3 d6 4.Nc3 Nf6 5.Bg2 Nc6 6.O-O h6 7.d4 e4 8.Ne1 g5 9.f3 exf3
10.exf3 Bg7 11.f4 g4 12.Nc2 O-O 13.d5 Ne7 14.Nd4 c5 15.Ne6 Bxe6 16.dxe6 Rb8
17.Re1 a6 18.a4 Ne8 19.Nd5  1/2-1/2

[Event "New York op"]
[Site "New York"]
[Date "1987.??.??"]
[Round "?"]
[White "Dzindzichashvili, Roman"]
[Black "Miles, Anthony J"]
[Result "0-1"]
[WhiteElo "2450"]
[BlackElo "2565"]

1.Nf3 Nf6 2.d4 a6 3.Bg5 e6 4.Nbd2 h6 5.Bxf6 Qxf6 6.e4 d6 7.e5 Qd8 8.Bd3 Nd7
9.exd6 cxd6 10.O-O Be7 11.Re1 O-O 12.c3 Re8 13.a4 b6 14.Be4 Rb8 15.Qe2 Qc7
16.Bd3 Qb7 17.Be4 Qa7 18.Bc6 Qc7 19.d5 e5 20.b4 Bb7 21.b5 a5 22.c4 Bf8 23.Ra3 Re7
24.Ne4 f5 25.Ng3 g6 26.Nh4 Rg7 27.Nhxf5 gxf5 28.Nxf5 Nc5 29.Nxh6+ Kh8 30.Ng4 Bc8
31.Rh3+ Rh7 32.Rxh7+ Qxh7 33.Nxe5 Bf5 34.Nf3 Nd3 35.Rd1 Nf4 36.Qe3 Bh6 37.Qd4+ Qg7
38.Re1 Bd3 39.Qxg7+ Bxg7 40.Ng5 Ne2+ 41.Kf1 Nc3+ 42.Kg1 Nxa4 43.Nf7+ Kg8
44.Nxd6 Nc5 45.Ne8 Bc3 46.Re7 a4 47.Ra7 Bg6 48.Nc7 Ba5 49.Na8 Rxa8 50.Rxa8+ Kg7
51.Ra7+ Kf6  0-1

[Event "Philadelphia op"]
[Site "Philadelphia"]
[Date "1987.??.??"]
[Round "?"]
[White "De Firmian, Nick E"]
[Black "Miles, Anthony J"]
[Result "0-1"]
[WhiteElo "2500"]
[BlackElo "2565"]

1.e4 c6 2.d4 d5 3.Nd2 dxe4 4.Nxe4 Bf5 5.Ng3 Bg6 6.h4 h6 7.Nf3 Nd7 8.h5 Bh7
9.Bd3 Bxd3 10.Qxd3 Qc7 11.Bd2 e6 12.O-O-O O-O-O 13.Ne4 Ngf6 14.g3 Nc5 15.Nxc5 Bxc5
16.c4 Bb6 17.Bc3 Rhe8 18.Qc2 Qe7 19.b4 Bc7 20.Kb2 Bd6 21.a3 Kb8 22.Qe2 a6
23.Ne5 Qc7 24.Qf3 Re7 25.g4 Ka8 26.Rhg1 Ne8 27.Qe4 Bxe5 28.dxe5 Red7 29.Kc2 b5
30.f4 Kb7 31.g5 bxc4 32.Qxc4 Qc8 33.g6 fxg6 34.Rxd7+ Qxd7 35.Rxg6 Nc7 36.Kb2 Rf8
37.Rg4 Rf5 38.Qc5 Qd1 39.Qg1 Qe2+ 40.Kb3 Qd3 41.Qd4 Qb1+ 42.Bb2 Rxh5 43.Ka4 Rh3
44.Ka5 Rd3 45.Qb6+ Kc8 46.Qxc6 Rd5+ 47.Kb6 Rb5+ 48.Qxb5 axb5 49.Rxg7 Nd5+
50.Kc6 Qc2+  0-1

[Event "Philadelphia op"]
[Site "Philadelphia"]
[Date "1987.??.??"]
[Round "?"]
[White "Reshevsky, Samuel Herman"]
[Black "Miles, Anthony J"]
[Result "0-1"]
[WhiteElo "2455"]
[BlackElo "2565"]

1.d4 Nf6 2.c4 c5 3.d5 e5 4.Nc3 d6 5.e4 Be7 6.h3 O-O 7.Bd3 a6 8.Nf3 Nbd7 9.g4 Re8
10.Rg1 Nf8 11.g5 Nh5 12.Nxe5 g6 13.Ng4 Bxg5 14.Nh6+ Bxh6 15.Bxh6 Qh4 16.Qd2 f6
17.Be2 Nd7 18.O-O-O Ne5 19.Be3 b5 20.cxb5 axb5 21.Nxb5 Rxa2 22.Nc3 Ra1+ 23.Kc2 Rxd1
24.Qxd1 Nf4 25.Bg4 Nxh3 26.Bxc8 Rxc8 27.Rh1 Ng4 28.Kb1 Rb8 29.Qa4 Nxe3 30.Qa7 Rf8
31.fxe3 Qg3 32.Ka2 Ng5 33.Nb5 Qe5 34.Nc3 h5 35.Rh4 Qg3 36.Rh1 Qf3 37.Rh4 Qxe3
38.Qa6 Qf2 39.Rh1 Rb8 40.Rb1 Qc2 41.Ka1 Qb3  0-1